00685nam a2200205Ia 4500003000400000005001700004008004100021040000700062082002000069100003600089245003200125260004800157365001300205650003000218650002200248906003300270942001200303999001900315952014500334OSt20230608161031.0210423s2005 xx 000 0 und d cAL a306.85 MEHM223 aMEHTA (Prakash Chandra)9122868 aMarriages in indian society aNew DelhibDiscovery Publishing Housec2005 b375cINR aMarriage & Family9122869 aSociology9122870 aindian ; Marriages ; society 2ddccBK c174090d174090 001040708MSWaSACPGbSACPGd2005-08-24eAlka Prakashang375.00l1o306.85 MEHMpPG020755r2023-02-06 00:00:00s2023-01-23w2021-04-26yBK